Del pont estant / d'Arthur Miller ; traducció de Jordi Arbonès ; pròleg de J. M. Carandell
Descripción Física:
106 p. ; 18 cm
Colección:
Biblioteca teatral ; 46
MARC
| LEADER | 00000nam a2200000Ia 4500 | ||
|---|---|---|---|
| 001 | 2125 | ||
| 008 | 160829s1986 xx 000 0 cat d | ||
| 080 | |a L-1-232 | ||
| 100 | 1 | |a Miller, Arthur, |d 1915-2005 |9 26271 | |
| 245 | |a Del pont estant / d'Arthur Miller ; traducció de Jordi Arbonès ; pròleg de J. M. Carandell | ||
| 260 | |a Barcelona : |b Institut del Teatre de la Diputació de Barcelona : |b Edicions del Mall, |c 1986 | ||
| 300 | |a 106 p. ; |c 18 cm | ||
| 490 | |a Biblioteca teatral ; 46 | ||
| 700 | 1 | |a Arbonès, Jordi |e traductor |9 26269 | |
| 700 | 1 | |a Carandell, Josep Maria, |d 1934-2003 |e autor del pròleg |9 42674 | |
| 710 | 1 | |a Institut del Teatre (Barcelona, Catalunya) |9 52662 | |
| 901 | |a Arxiu | ||
| 942 | |n 1 |2 udc | ||
| 952 | |0 0 |1 0 |4 0 |6 L1232 |7 1 |9 43939 |a Arxiu |b Arxiu |d 2016-12-01 |l 0 |o L-1-232 |p 2125 |r 2016-12-01 00:00:00 |w 2016-12-01 |y ARXIU | ||
| 999 | |c 46519 |d 46519 | ||